00674nam a2200229 a 4500001001300000003000900013005001700022008004100039020000900080082001900089100002800108245002100136260004400157300000800201500003500209650002200244700002800266902000800294942000700302952011800309999001700427nice12345678IN_TiNIC20260116013432.0070824s1989 bana grp 000 0 urd  ac1500a297.1228bNAD8 aNadvi, Mohd Shahabuddin aQuran Ka Paigham aBangalorebFurqania Academy Trustc1989 a86p aincludes index and biblioraphy aQuran and Society1 aNadvi, Mohd Shahabuddin bSRS cBK 001040708StackRoom-aHMIbHMId2007-08-24g15.00l0o297.1228 NAD8p015996r2007-08-24v15.00w2007-08-24yBK c10970d10970